Sports Quiz

Random Sports or Numbers Quiz

Drivers of the 1997 Forumla 1 Season Quiz Stats

 Plays Quiz not verified by Sporcle

Challenge
Share
Tweet
Embed
Score 0/29 Timer 07:00
0 Plays Today
Team Driver % Correct
FerrariMichael Schumacher
100%
JordanRalf Schumacher
100%
McLarenDavid Coulthard
93.9%
ArrowsDamon Hill
89.8%
McLarenMika Hakkinen
89.8%
FerrariEddie Irvine
85.7%
StewartRubens Barrichello
85.7%
WilliamsJaques Villeneuve
79.6%
JordanGiancarlo Fisichella
75.5%
BenettonJean Alesi
73.5%
SauberJohnny Herbert
69.4%
WilliamsHeinz-Harald Frentzen
65.3%
BenettonGerhard Berger
65.3%
Prost Jarno Trulli
65.3%
MinardiJarno Trulli
65.3%
Team Driver % Correct
BenettonAlexander Wurz
63.3%
TyrrellMika Salo
55.1%
Arrows Pedro Diniz
51%
TyrrellJos Verstappen
51%
ProstOlivier Panis
49%
StewartJan Magnussen
42.9%
ProstShinji Nakano
36.7%
SauberNicola Larini
28.6%
SauberGianni Morbidelli
28.6%
LolaRicardo Rosset
28.6%
MinardiTarso Marques
26.5%
SauberNorbeto Fontana
20.4%
LolaVincenzo Sospiri
18.4%
MinardiUkyo Katyama
0%

You're not logged in!

Compare scores with friends on all Sporcle quizzes.
Join for Free
OR
Log In

You Might Also Like...

Show Comments

Extras

Top Quizzes Today


Score Distribution

Your Account Isn't Verified!

In order to create a playlist on Sporcle, you need to verify the email address you used during registration. Go to your Sporcle Settings to finish the process.

Report this User

Report this user for behavior that violates our Community Guidelines.

Details: